000
00368cam a2200169ua 4500
020
_c
2.00
041
_a
hin
_h
082
_a
891.54
_b
GAN/MA
100
_a
Gandhi, M K.
245
_a
Mara dharm
260
_a
Ahamadabad :
_b
Navjeevan prakashan mandir ,
_c
1960.
300
_a
106 ; .
365
_a
2.00
504
_a
942
_c
BK
999
_c
12489
_d
12489